Vincent van Gogh : the painter and the portrait /

Bibliographic Details
Main Author: Shackelford, George T. M., 1955-
Other Authors: Gogh, Vincent van, 1853-1890
Format: Book
Language:English
Published: New York : Universe, 2000.
Subjects:

MARC

Tag First Indicator Second Indicator Subfields
LEADER 00000cam a2200000Ia 4500
001 in00001565021
005 20151022080053.0
008 000906s2000 nyua b 000 0 eng d
020 |a 0789304120 
035 |a (OCoLC)ocm44943952 
040 |a JNA  |c JNA  |d TXA  |d UtOrBLW 
043 |a e-ne--- 
049 |a TXAM 
090 |a ND653.G7  |b S475 2000 
100 1 |a Shackelford, George T. M.,  |d 1955- 
245 1 0 |a Vincent van Gogh :  |b the painter and the portrait /  |c George T.M. Shackelford. 
264 1 |a New York :  |b Universe,  |c 2000. 
300 |a 78 pages :  |b illustrations (some color) ;  |c 19 cm. 
336 |a text  |b txt  |2 rdacontent 
337 |a unmediated  |b n  |2 rdamedia 
338 |a volume  |b nc  |2 rdacarrier 
504 |a Includes bibliographical references (pages 4-5). 
600 1 0 |a Gogh, Vincent van,  |d 1853-1890. 
650 0 |a Portrait painting, Dutch. 
700 1 |a Gogh, Vincent van,  |d 1853-1890. 
948 |a cataloged  |b h  |c 2000/10/19  |d c  |e pkellar  |f 11:59:21 am 
994 |a E0  |b TXA 
999 |a MARS 
999 f f |s 2968bbde-00a2-3c40-a94a-b8543e720a3e  |i f2e5293d-a2b1-3f12-b131-aa419768e985  |t 0 
952 f f |p normal  |a Texas A&M University  |b College Station  |c Sterling C. Evans Library  |d Evans: Library Stacks  |t 0  |e ND653.G7 S475 2000  |h Library of Congress classification  |i unmediated -- volume  |m A14826838046 
998 f f |a ND653.G7 S475 2000  |t 0  |l Evans: Library Stacks